00636 2200205 4500001002100000005001700021008004100038035002500079040001200104082001200116084001500128245010100143260004400244300003500288500004400323650001500367700001800382850001200400990001800412INLIS00000000000974920150811163428.0  a0010-081500000001187 aYOPDYOG 223a650 aSK 650 Lap aLAPORAN Akhir KKN tematik kewirausahaan kelompok pendampingan kuliner Ic/ Danang Rizki [et.all] aYogyakartabUNiversitas Atma Jayac2010 av, 29 lembar: Ilus.;c29,5 cm. aLaporan Akhir Pusat Studi Kewirausahaan aWiraswasta aWIWIK Sunarni aYOPDYOG a47619-PD/A.15